Thông thạo tiếng Anh- Mỹ cấp tốc : Kèm 4 đĩa CD
שמור ב:
| פורמט: | ספר |
|---|---|
| שפה: | Undetermined |
| יצא לאור: |
Tp. Hồ Chí Minh
Tổng Hợp Tp. Hồ Chí Minh
2004
|
| נושאים: | |
| תגים: |
הוספת תג
אין תגיות, היה/י הראשונ/ה לתייג את הרשומה!
|
| Thư viện lưu trữ: | Trung tâm Học liệu Trường Đại học Cần Thơ |
|---|
| LEADER | 00584nam a2200193Ia 4500 | ||
|---|---|---|---|
| 001 | CTU_87115 | ||
| 008 | 210402s9999 xx 000 0 und d | ||
| 020 | |c 80000 | ||
| 082 | |a 428.24 | ||
| 082 | |b Th455 | ||
| 245 | 0 | |a Thông thạo tiếng Anh- Mỹ cấp tốc : | |
| 245 | 0 | |b Kèm 4 đĩa CD | |
| 245 | 0 | |c Lê Huy Lâm, Phạm Văn Sáng dịch | |
| 260 | |a Tp. Hồ Chí Minh | ||
| 260 | |b Tổng Hợp Tp. Hồ Chí Minh | ||
| 260 | |c 2004 | ||
| 650 | |a English language | ||
| 904 | |i M.Loan | ||
| 980 | |a Trung tâm Học liệu Trường Đại học Cần Thơ | ||